English words of unusual origin - Statistics

General Stats
  • This quiz has been taken 157 times
  • The average score is 5 of 15
Answer Stats
Word Language % Correct
Sauna Finnish
77%
Ukulele Hawaiian
73%
Bagel Yiddish
67%
Algorithm Arabic
65%
Mammoth Russian
49%
Pyjamas (Pajamas) Hindi
40%
Robot Czech
35%
Ketchup Cantonese
24%
Abacus Hebrew
16%
Jungle Sanskrit
12%
Slogan Irish
11%
Vampire Serbo-Croatian
11%
Coach Hungarian
8%
Penguin Welsh
6%
Lollipop Romani
2%
No matching quizzes found
Score Distribution
Percent of People with Each Score
Percentile by Number Answered
Your Score History
You have not taken this quiz